000 00534nam a2200181Ia 4500
005 20250326142616.0
008 250326s9999 xx 000 0 und d
037 _aTextbook
040 _aFMSL
_beng
_cFMSL
041 _aeng
_2eng
084 _aX:8.44 L6;2
_qFMSL
100 _aPylee M V
245 0 _aProfessional management in India
_cPylee M V; Sankaranaraya Kc
260 _aCochin
_bCochin, Foundation For Management Education
_c1976
300 _a492p
942 _cTB
_hX:8.44 L6;2
999 _c1295810
_d1295810